Transaction of The ASME Journal of Turbomachinery vol-134 No -3,May 2012 (Record no. 24583)

000 -LEADER
fixed length control field 00235nam a22000737a 4500
003 - CONTROL NUMBER IDENTIFIER
control field NUST
005 - DATE AND TIME OF LATEST TRANSACTION
control field 20170620140742.0
008 - FIXED-LENGTH DATA ELEMENTS--GENERAL INFORMATION
fixed length control field 140616b xxu||||| |||| 00| 0 eng d
020 ## - INTERNATIONAL STANDARD BOOK NUMBER
Terms of availability Available
022 ## - INTERNATIONAL STANDARD SERIAL NUMBER
International Standard Serial Number 0889504X
040 ## - CATALOGING SOURCE
Original cataloging agency DLC
Language of cataloging DLC
Transcribing agency RCMS
082 ## - DEWEY DECIMAL CLASSIFICATION NUMBER
Classification number 621.19 ASM
100 ## - MAIN ENTRY--PERSONAL NAME
Personal name ASME
9 (RLIN) 2951
245 ## - TITLE STATEMENT
Title Transaction of The ASME Journal of Turbomachinery vol-134 No -3,May 2012
Statement of responsibility, etc. Wisier David C
260 ## - PUBLICATION, DISTRIBUTION, ETC.
Place of publication, distribution, etc. New-York:
Name of publisher, distributor, etc. American Society of Mechanical Engineering:
Date of publication, distribution, etc. May,2012.
300 ## - PHYSICAL DESCRIPTION
Extent 236,p:
Other physical details ill:
Dimensions 32,cm.
440 ## - SERIES STATEMENT/ADDED ENTRY--TITLE
Volume/sequential designation Volume:134,Number :3
9 (RLIN) 2975
504 ## - BIBLIOGRAPHY, ETC. NOTE
Bibliography, etc. note Content continued on inside back cover.
538 ## - SYSTEM DETAILS NOTE
Display text Shelf No 1 Row No 6
650 ## - SUBJECT ADDED ENTRY--TOPICAL TERM
Topical term or geographic name entry element Mechanical engineering
9 (RLIN) 1379
942 ## - ADDED ENTRY ELEMENTS (KOHA)
Source of classification or shelving scheme
Koha item type Continuing Resources
Holdings
Withdrawn status Lost status Source of classification or shelving scheme Damaged status Not for loan Permanent Location Current Location Shelving location Date acquired Total Checkouts Full call number Barcode Date last seen Price effective from Koha item type
          School of Interdisciplinary Engineering and Sciences (SINES) School of Interdisciplinary Engineering and Sciences (SINES) General Stacks 06/16/2014   621.19 ASM RCMS002397 06/16/2014 06/16/2014 Continuing Resources
© 2023 Central Library, National University of Sciences and Technology. All Rights Reserved.